Educación parvularia rural en la Araucanía: un espacio de creatividad

Saved in:
Bibliographic Details
Main Author: Cofré M., M. Isabel (Author)
Format: Book
Language:Spanish
Published: Santiago Ministerio de Educación 1999
Series:Serie Educación Parvularia 2000: Aportes a la Reflexión y a la Acción, 1.3
Subjects:
Tags: Add Tag
No Tags, Be the first to tag this record!

MARC

LEADER 00000nam a2200000 a 4500
001 UCM6010
003 CL-VaPUC
008 021025e19990000CL |||||||||||||||||spa|d
082 0 4 |a 372.21  |b COF  |2 21 
100 0 |a Cofré M., M. Isabel  |e author  |9 471992 
245 1 0 |a Educación parvularia rural en la Araucanía: un espacio de creatividad 
300 |a 38 p 
942 |c BK 
945 |d 20021025 00:00:00  |a cmena 
260 |a Santiago  |b Ministerio de Educación  |c 1999 
650 0 |a Educación preescolar  |9 260381 
650 0 |a Planificación del currículo  |9 269599 
650 0 |a Reforma educacional   |9 256319 
650 0 |a Educación rural   |9 308104 
650 0 |a Creatividad   |9 310816 
583 |a last modification  |c 20021025 00:00:00  |k Rodrigo Vera 
490 0 |a Serie Educación Parvularia 2000: Aportes a la Reflexión y a la Acción, 1.3 
999 |c 301678  |d 301676 
952 |0 0  |1 0  |4 0  |6 372_210000000000000_COF_1999  |7 0  |8 P  |9 361076  |a BIBEDU  |b BIBEDU  |c BIBEDU_PB  |d 2019-11-21  |i 3852148  |o 372.21 COF 1999  |p 3852148  |r 2024-01-25  |w 2019-11-21  |y BK  |k EPE 
952 |0 0  |1 0  |4 0  |6 372_210000000000000_COF_1999  |7 0  |8 P  |9 361077  |a BIBEDU  |b BIBEDU  |c BIBEDU_PB  |d 2019-11-21  |i 3852156  |o 372.21 COF 1999  |p 3852156  |r 2024-01-25  |w 2019-11-21  |y BK  |k EPE 
952 |0 0  |1 0  |4 0  |6 372_210000000000000_COF_1999  |7 0  |8 P  |9 361078  |a BIBEDU  |b BIBEDU  |c BIBEDU_PB  |d 2019-11-21  |i 3852164  |o 372.21 COF 1999  |p 3852164  |r 2024-01-25  |w 2019-11-21  |y BK  |k EPE 
952 |0 0  |1 0  |4 0  |6 372_210000000000000_COF_1999  |7 0  |8 P  |9 361079  |a BIBEDU  |b BIBEDU  |c BIBEDU_PB  |d 2019-11-21  |i 3852172  |o 372.21 COF 1999  |p 3852172  |r 2024-01-25  |w 2019-11-21  |y BK  |k EPE 
952 |0 0  |1 0  |4 0  |6 372_210000000000000_COF_1999  |7 0  |8 P  |9 361080  |a BIBEDU  |b BIBEDU  |c BIBEDU_PB  |d 2019-11-21  |i 3852180  |o 372.21 COF 1999  |p 3852180  |r 2024-01-25  |w 2019-11-21  |y BK  |k EPE 
952 |0 0  |1 0  |4 0  |6 372_210000000000000_COF_1999  |7 0  |8 P  |9 361081  |a BIBEDU  |b BIBEDU  |c BIBEDU_PB  |d 2019-11-21  |i 3852199  |o 372.21 COF 1999  |p 3852199  |r 2024-01-25  |w 2019-11-21  |y BK  |k EPE 
952 |0 0  |1 0  |4 0  |6 372_210000000000000_COF_1999  |7 0  |8 P  |9 361082  |a BIBEDU  |b BIBEDU  |c BIBEDU_PB  |d 2019-11-21  |i 3852202  |o 372.21 COF 1999  |p 3852202  |r 2024-01-25  |w 2019-11-21  |y BK  |k EPE 
952 |0 0  |1 0  |4 0  |6 372_210000000000000_COF_1999  |7 0  |8 P  |9 361083  |a BIBEDU  |b BIBEDU  |c BIBEDU_PB  |d 2019-11-21  |i 3852210  |o 372.21 COF 1999  |p 3852210  |r 2024-01-25  |w 2019-11-21  |y BK  |k EPE 
952 |0 0  |1 0  |4 0  |6 372_210000000000000_COF_1999  |7 0  |8 P  |9 361084  |a BIBEDU  |b BIBEDU  |c BIBEDU_PB  |d 2019-11-21  |i 3852229  |o 372.21 COF 1999  |p 3852229  |r 2024-01-25  |w 2019-11-21  |y BK  |k EPE 
952 |0 0  |1 0  |4 0  |6 372_210000000000000_COF_1999  |7 0  |8 P  |9 361085  |a BIBEDU  |b BIBEDU  |c BIBEDU_PB  |d 2019-11-21  |i 3852237  |o 372.21 COF 1999  |p 3852237  |r 2024-01-25  |w 2019-11-21  |y BK  |k EPE 
952 |0 0  |1 0  |4 0  |6 372_210000000000000_COF_1999  |7 0  |8 P  |9 361086  |a BIBEDU  |b BIBEDU  |c BIBEDU_PB  |d 2019-11-21  |i 3852245  |o 372.21 COF 1999  |p 3852245  |r 2024-01-25  |w 2019-11-21  |y BK  |k EPE 
952 |0 0  |1 0  |4 0  |6 372_210000000000000_COF_1999  |7 0  |8 P  |9 361087  |a BIBEDU  |b BIBEDU  |c BIBEDU_PB  |d 2019-11-21  |i 3852253  |o 372.21 COF 1999  |p 3852253  |r 2024-01-25  |w 2019-11-21  |y BK  |k EPE 
952 |0 0  |1 0  |4 0  |6 372_210000000000000_COF_1999  |7 0  |8 P  |9 361088  |a BIBEDU  |b BIBEDU  |c BIBEDU_PB  |d 2019-11-21  |i 3852261  |o 372.21 COF 1999  |p 3852261  |r 2024-01-25  |w 2019-11-21  |y BK  |k EPE 
952 |0 0  |1 0  |4 0  |6 372_210000000000000_COF_1999  |7 0  |8 P  |9 361089  |a BIBEDU  |b BIBEDU  |c BIBEDU_PB  |d 2019-11-21  |i 385227K  |o 372.21 COF 1999  |p 385227K  |r 2024-01-25  |w 2019-11-21  |y BK  |k EPE 
952 |0 0  |1 0  |4 0  |6 372_210000000000000_COF_1999  |7 0  |8 P  |9 361090  |a BIBEDU  |b BIBEDU  |c BIBEDU_PB  |d 2019-11-21  |i 3852288  |o 372.21 COF 1999  |p 3852288  |r 2024-01-25  |w 2019-11-21  |y BK  |k EPE 
952 |0 0  |1 0  |4 0  |6 372_210000000000000_COF_1999  |7 0  |8 P  |9 361091  |a BIBEDU  |b BIBEDU  |c BIBEDU_PB  |d 2019-11-21  |i 3852296  |o 372.21 COF 1999  |p 3852296  |r 2024-01-25  |w 2019-11-21  |y BK  |k EPE 
952 |0 0  |1 0  |4 0  |6 372_210000000000000_COF_1999  |7 0  |8 P  |9 361092  |a BIBEDU  |b BIBEDU  |c BIBEDU_PB  |d 2019-11-21  |i 385230K  |o 372.21 COF 1999  |p 385230K  |r 2024-01-25  |w 2019-11-21  |y BK  |k EPE 
952 |0 0  |1 0  |4 0  |6 372_210000000000000_COF_1999  |7 0  |8 P  |9 361093  |a BIBEDU  |b BIBEDU  |c BIBEDU_PB  |d 2019-11-21  |i 3852318  |o 372.21 COF 1999  |p 3852318  |r 2024-01-25  |w 2019-11-21  |y BK  |k EPE 
952 |0 0  |1 0  |4 0  |6 372_210000000000000_COF_1999  |7 0  |8 P  |9 361094  |a BIBEDU  |b BIBEDU  |c BIBEDU_PB  |d 2019-11-21  |i 3852326  |o 372.21 COF 1999  |p 3852326  |r 2024-01-25  |w 2019-11-21  |y BK  |k EPE 
952 |0 0  |1 0  |4 0  |6 372_210000000000000_COF_1999  |7 0  |8 P  |9 361095  |a BIBEDU  |b BIBEDU  |c BIBEDU_PB  |d 2019-11-21  |i 3852334  |o 372.21 COF 1999  |p 3852334  |r 2024-01-25  |w 2019-11-21  |y BK  |k EPE 
952 |0 0  |1 0  |4 0  |6 372_210000000000000_COF_1999  |7 0  |8 P  |9 361096  |a BIBEDU  |b BIBEDU  |c BIBEDU_PB  |d 2019-11-21  |i 3852342  |o 372.21 COF 1999  |p 3852342  |r 2024-01-25  |w 2019-11-21  |y BK  |k EPE 
952 |0 0  |1 0  |4 0  |6 372_210000000000000_COF_1999  |7 0  |8 P  |9 361097  |a BIBEDU  |b BIBEDU  |c BIBEDU_PB  |d 2019-11-21  |i 3852350  |o 372.21 COF 1999  |p 3852350  |r 2024-01-25  |w 2019-11-21  |y BK  |k EPE 
952 |0 0  |1 0  |4 0  |6 372_210000000000000_COF_1999  |7 0  |8 P  |9 361098  |a BIBEDU  |b BIBEDU  |c BIBEDU_PB  |d 2019-11-21  |i 3852369  |o 372.21 COF 1999  |p 3852369  |r 2024-01-25  |w 2019-11-21  |y BK  |k EPE